|
|
|
|
| LEADER |
00835ncm a22002292a 4500 |
| 001 |
000299783 |
| 003 |
CZ BrMZK |
| 005 |
20121029100420.0 |
| 007 |
qu |
| 008 |
980105s1900 xr f cze d |
| 040 |
|
|
|a BOA001
|b cze
|
| 072 |
|
7 |
|a 783
|x Církevní hudba. Duchovní hudba. Náboženská hudba
|2 Konspekt
|9 9
|
| 100 |
1 |
|
|a Musil, František,
|d 1852-1908
|7 jk01082502
|4 cmp
|
| 245 |
1 |
0 |
|a Zvony vánoční
|h [hudebnina] :
|b dětský sbor na slova Vl. Šťastného s doprovodem /
|c František Musil
|
| 260 |
|
|
|a Brno :
|b Cyrillská jednota,
|c [1900?]
|
| 300 |
|
|
|a 4 s.
|
| 500 |
|
|
|a Sborová partitura
|
| 700 |
1 |
|
|a Šťastný, Vladimír,
|d 1841-1910
|7 jk01131144
|4 lyr
|
| 910 |
|
|
|a BOA001
|b Mus4-0368.678
|
| 990 |
|
|
|a MU
|
| 991 |
|
|
|b 201203
|
| 996 |
6 |
|
|b 2619859450
|c Mus4-0368.678
|l MZK
|r Sklad / do 1 hodiny
|n 3
|w 000299783
|u 000010
|a 1
|e BOA001
|j MZK50
|s P
|